00322nam a2200109Ia 4500008004100000082001900041100002700060245002500087260006200112300001000174700002800184150201s1993 xx 000 0 und d a294.59215bWIL aWhitney,William Dwight aAtharva veda samhita bMotilal Banarsidass Publishers Pvt. Ltd.aNew Delhic1993 a470p. aLanman,Charles Rockwell